[Event "Deutsche Ländermeisterschaft 2020"]
[Site "Berlin GER"]
[Date "2020.10.03"]
[Round "6"]
[White "Vogel, Roven"]
[Black "Jeschke, Jan"]
[Result "1/2-1/2"]
[Termination "normal"]
[Board "8.1"]
[WhiteTitle "IM"]
[WhiteElo "2456"]
[BlackElo "2043"]
[WhiteClock "00:22:24"]
[BlackClock "00:21:31"]
[WhiteTeam "Sachsen"]
[BlackTeam "Saarland"]
[PlyCount "63"]
[WhiteFideId "12908088"]
[BlackFideId "16225430"]
[EventCountry "GER"]
[EventRounds "7"]
[EventType "team-swiss"]
[EventDate "2020.09.29"]

1. Nf3 {[%clk 1:30:56]} Nf6 {[%clk 1:30:34]} 2. c4 {[%clk 1:30:48]} g6 {[%clk
1:30:12]} 3. Nc3 {[%clk 1:31:08]} Bg7 {[%clk 1:30:32]} 4. d4 {[%clk 1:30:41]}
O-O {[%clk 1:29:58]} 5. g3 {[%clk 1:31:04]} d5 {[%clk 1:25:37]} 6. cxd5 {[%clk
1:30:23]} Nxd5 {[%clk 1:25:53]} 7. Bg2 {[%clk 1:30:45]} c5 {[%clk 1:19:23]} 8.
O-O {[%clk 1:30:53]} Nc6 {[%clk 1:15:11]} 9. Nxd5 {[%clk 1:30:57]} Qxd5 {[%clk
1:15:30]} 10. Be3 {[%clk 1:31:19]} Qh5 {[%clk 1:11:49]} 11. dxc5 {[%clk
1:28:58]} Bxb2 {[%clk 1:06:48]} 12. Rb1 {[%clk 1:29:22]} Bg7 {[%clk 1:07:02]}
13. Qa4 {[%clk 1:25:26]} Rb8 {[%clk 1:03:38]} 14. Nd4 {[%clk 1:23:25]} Nxd4
{[%clk 0:53:59]} 15. Bxd4 {[%clk 1:23:31]} Bxd4 {[%clk 0:54:06]} 16. Qxd4
{[%clk 1:23:54]} Bh3 {[%clk 0:53:53]} 17. Bf3 {[%clk 1:23:06]} Qg5 {[%clk
0:52:47]} 18. Rfd1 {[%clk 1:19:57]} Rfc8 {[%clk 0:49:54]} 19. Rxb7 {[%clk
1:07:19]} Rxb7 {[%clk 0:48:19]} 20. Bxb7 {[%clk 1:07:42]} Rxc5 {[%clk 0:48:16]}
21. f4 {[%clk 0:53:25]} Qf5 {[%clk 0:48:06]} 22. Bf3 {[%clk 0:52:56]} Qc8
{[%clk 0:43:52]} 23. Kf2 {[%clk 0:45:23]} Be6 {[%clk 0:40:42]} 24. Rd3 {[%clk
0:44:42]} Ra5 {[%clk 0:36:24]} 25. Rc3 {[%clk 0:41:45]} Qd7 {[%clk 0:31:22]}
26. Qxd7 {[%clk 0:34:20]} Bxd7 {[%clk 0:31:47]} 27. a3 {[%clk 0:34:44]} Kg7 28.
g4 {[%clk 0:34:26]} h6 {[%clk 0:21:14]} 29. h4 {[%clk 0:31:21]} e5 {[%clk
0:21:18]} 30. fxe5 {[%clk 0:30:32]} Be6 {[%clk 0:21:17]} 31. Re3 {[%clk
0:29:21]} g5 {[%clk 0:21:31]} 32. hxg5 {[%clk 0:22:24]} 1/2-1/2

[Event "Deutsche Ländermeisterschaft 2020"]
[Site "Berlin GER"]
[Date "2020.10.03"]
[Round "6"]
[White "Chassard, Cedric"]
[Black "Nguyen, Alex Dac-Vuong"]
[Result "1-0"]
[Termination "normal"]
[Board "8.2"]
[BlackTitle "FM"]
[WhiteElo "1916"]
[BlackElo "2343"]
[WhiteClock "00:29:30"]
[BlackClock "00:00:45"]
[WhiteTeam "Saarland"]
[BlackTeam "Sachsen"]
[PlyCount "117"]
[WhiteFideId "16243536"]
[BlackFideId "12984388"]
[EventCountry "GER"]
[EventRounds "7"]
[EventType "team-swiss"]
[EventDate "2020.09.29"]

1. e4 {[%clk 1:30:53]} e6 {[%clk 1:30:55]} 2. d4 {[%clk 1:31:17]} d5 {[%clk
1:31:20]} 3. Nd2 {[%clk 1:31:46]} Nf6 {[%clk 1:31:41]} 4. e5 {[%clk 1:32:10]}
Nfd7 {[%clk 1:32:07]} 5. Bd3 {[%clk 1:32:32]} c5 {[%clk 1:32:32]} 6. c3 {[%clk
1:33:00]} Nc6 {[%clk 1:32:57]} 7. Ne2 {[%clk 1:33:28]} cxd4 {[%clk 1:33:10]} 8.
cxd4 {[%clk 1:33:56]} f6 {[%clk 1:33:33]} 9. exf6 {[%clk 1:34:24]} Nxf6 {[%clk
1:33:57]} 10. Nf3 {[%clk 1:34:47]} Bd6 {[%clk 1:34:18]} 11. O-O {[%clk
1:35:15]} Qc7 {[%clk 1:34:40]} 12. h3 {[%clk 1:35:20]} O-O {[%clk 1:35:02]} 13.
Re1 {[%clk 1:35:48]} Bd7 {[%clk 1:35:19]} 14. Be3 {[%clk 1:36:14]} Be8 {[%clk
1:35:22]} 15. Ng5 {[%clk 1:34:25]} Bf7 {[%clk 1:29:39]} 16. Rc1 {[%clk
1:19:22]} h6 {[%clk 1:27:03]} 17. Nxf7 {[%clk 1:15:44]} Qxf7 {[%clk 1:26:37]}
18. Bb1 {[%clk 1:15:05]} Rae8 {[%clk 1:25:12]} 19. Qc2 {[%clk 1:06:28]} Ne7
{[%clk 1:15:16]} 20. Bf4 {[%clk 1:03:08]} Bxf4 {[%clk 1:12:48]} 21. Nxf4 {[%clk
1:03:27]} Ne4 {[%clk 1:12:27]} 22. f3 {[%clk 1:02:49]} Qxf4 {[%clk 0:48:15]}
23. fxe4 {[%clk 1:00:21]} Rc8 {[%clk 0:48:30]} 24. Qd1 {[%clk 0:59:07]} Qf2+
{[%clk 0:40:01]} 25. Kh1 {[%clk 0:55:40]} Qxb2 {[%clk 0:38:28]} 26. Rxc8 {[%clk
0:54:15]} Rxc8 {[%clk 0:37:02]} 27. exd5 {[%clk 0:53:40]} Nxd5 {[%clk 0:36:53]}
28. Qg4 {[%clk 0:51:47]} Rc6 {[%clk 0:32:02]} 29. Bg6 {[%clk 0:41:22]} Qb6
{[%clk 0:14:12]} 30. Qf3 {[%clk 0:39:17]} Nf6 {[%clk 0:14:32]} 31. d5 {[%clk
0:36:03]} Rd6 {[%clk 0:11:31]} 32. dxe6 {[%clk 0:30:10]} Rxe6 {[%clk 0:11:56]}
33. Rb1 {[%clk 0:29:19]} Qa5 {[%clk 0:06:59]} 34. Qg3 {[%clk 0:24:32]} Qe5
{[%clk 0:03:38]} 35. Qxe5 {[%clk 0:23:49]} Rxe5 {[%clk 0:04:03]} 36. Rxb7
{[%clk 0:24:13]} Nh7 {[%clk 0:02:17]} 37. Rxa7 {[%clk 0:23:55]} Nf8 {[%clk
0:02:30]} 38. Ra8 {[%clk 0:23:58]} Re6 {[%clk 0:02:37]} 39. Bd3 {[%clk
0:21:31]} Rf6 {[%clk 0:02:24]} 40. h4 {[%clk 0:21:08]} h5 {[%clk 0:02:06]} 41.
g4 {[%clk 0:18:03]} hxg4 {[%clk 0:02:08]} 42. h5 {[%clk 0:17:28]} Kf7 {[%clk
0:23:22]} 43. Bc4+ {[%clk 0:47:14]} Ke7 {[%clk 0:23:46]} 44. Ra7+ {[%clk
0:47:27]} Kd6 {[%clk 0:24:00]} 45. Rxg7 {[%clk 0:46:39]} Rf5 {[%clk 0:20:11]}
46. Bf7 {[%clk 0:46:26]} Ke5 {[%clk 0:16:19]} 47. Be8 {[%clk 0:41:05]} Ne6
{[%clk 0:16:19]} 48. Rxg4 {[%clk 0:41:05]} Rf1+ {[%clk 0:16:19]} 49. Kg2 Ra1
50. a4 {[%clk 0:41:05]} Nf4+ 51. Kg3 {[%clk 0:39:54]} Ne2+ {[%clk 0:02:30]} 52.
Kh2 {[%clk 0:37:21]} Nf4 {[%clk 0:01:38]} 53. h6 {[%clk 0:36:32]} Ra2+ {[%clk
0:01:41]} 54. Kg3 {[%clk 0:34:19]} Ra3+ {[%clk 0:01:51]} 55. Kh4 {[%clk
0:33:35]} Rh3+ {[%clk 0:01:48]} 56. Kg5 {[%clk 0:34:01]} Nd5 {[%clk 0:01:31]}
57. Bd7 {[%clk 0:30:42]} Nf6 {[%clk 0:01:07]} 58. Rh4 {[%clk 0:29:30]} Ne4+
{[%clk 0:00:45]} 59. Rxe4+ {[%clk 0:29:30]} 1-0

[Event "Deutsche Ländermeisterschaft 2020"]
[Site "Berlin GER"]
[Date "2020.10.03"]
[Round "6"]
[White "Huppert, Anna"]
[Black "Kempe, Caius Emilian"]
[Result "0-1"]
[Termination "normal"]
[Board "8.6"]
[WhiteElo "1440"]
[BlackElo "1910"]
[WhiteClock "00:28:56"]
[BlackClock "00:52:57"]
[WhiteTeam "Saarland"]
[BlackTeam "Sachsen"]
[PlyCount "92"]
[WhiteFideId "16214439"]
[BlackFideId "16246861"]
[EventCountry "GER"]
[EventRounds "7"]
[EventType "team-swiss"]
[EventDate "2020.09.29"]

1. e4 {[%clk 1:30:57]} c5 {[%clk 1:30:55]} 2. d4 {[%clk 1:31:19]} cxd4 {[%clk
1:31:19]} 3. c3 {[%clk 1:31:41]} dxc3 {[%clk 1:31:45]} 4. Nxc3 {[%clk 1:32:03]}
Nc6 {[%clk 1:32:07]} 5. Nf3 {[%clk 1:31:54]} e6 {[%clk 1:32:21]} 6. Bc4 {[%clk
1:31:29]} Qc7 {[%clk 1:32:41]} 7. Qe2 {[%clk 1:29:05]} Nf6 {[%clk 1:30:11]} 8.
Bg5 {[%clk 1:21:31]} Ng4 {[%clk 1:28:40]} 9. Bh4 {[%clk 1:08:40]} Bb4 {[%clk
1:25:32]} 10. Rc1 {[%clk 1:03:54]} O-O {[%clk 1:24:03]} 11. Bg3 {[%clk
1:00:06]} d6 {[%clk 1:23:10]} 12. O-O {[%clk 0:58:06]} a6 {[%clk 1:20:08]} 13.
Bb3 {[%clk 0:51:39]} Nf6 {[%clk 0:48:21]} 14. Rfd1 {[%clk 0:44:00]} Rd8 {[%clk
0:45:29]} 15. a3 {[%clk 0:22:56]} Bxc3 {[%clk 0:43:31]} 16. Rxc3 {[%clk
0:18:45]} e5 {[%clk 0:41:38]} 17. Ng5 {[%clk 0:10:59]} Rf8 {[%clk 0:37:07]} 18.
Qd3 {[%clk 0:07:28]} Ne8 {[%clk 0:35:35]} 19. f4 {[%clk 0:05:30]} Bg4 {[%clk
0:34:23]} 20. Rf1 {[%clk 0:04:13]} Nf6 {[%clk 0:26:32]} 21. fxe5 {[%clk
0:02:42]} dxe5 {[%clk 0:26:40]} 22. Qc4 {[%clk 0:01:00]} Qd7 {[%clk 0:24:37]}
23. Qc5 {[%clk 0:00:44]} Rae8 {[%clk 0:22:30]} 24. Rcc1 {[%clk 0:00:32]} h6
{[%clk 0:22:10]} 25. Nf3 {[%clk 0:00:32]} Nxe4 {[%clk 0:21:27]} 26. Qe3 {[%clk
0:00:41]} Nxg3 {[%clk 0:21:34]} 27. hxg3 {[%clk 0:01:09]} Be6 {[%clk 0:21:05]}
28. Bc2 {[%clk 0:01:05]} Bf5 {[%clk 0:20:49]} 29. Bb3 {[%clk 0:01:07]} Qd3
{[%clk 0:20:55]} 30. Qxd3 {[%clk 0:01:20]} Bxd3 {[%clk 0:21:23]} 31. Rfe1
{[%clk 0:01:40]} e4 {[%clk 0:21:38]} 32. Nd2 {[%clk 0:01:36]} Nd4 {[%clk
0:21:34]} 33. Bd5 {[%clk 0:00:54]} Ne2+ {[%clk 0:21:43]} 34. Rxe2 {[%clk
0:01:04]} Bxe2 {[%clk 0:22:12]} 35. Bxe4 {[%clk 0:01:18]} Re7 {[%clk 0:22:17]}
36. Bf3 {[%clk 0:01:27]} Bxf3 {[%clk 0:22:21]} 37. gxf3 {[%clk 0:01:00]} Re2
{[%clk 0:22:34]} 38. Ne4 {[%clk 0:00:37]} Rxb2 {[%clk 0:22:50]} 39. a4 {[%clk
0:00:44]} b5 {[%clk 0:22:50]} 40. axb5 {[%clk 0:00:49]} axb5 {[%clk 0:23:01]}
41. Kf1 {[%clk 0:00:45]} b4 {[%clk 0:23:20]} 42. Ke1 {[%clk 0:00:44]} b3 {[%clk
0:22:59]} 43. Nc5 {[%clk 0:30:04]} Re8+ {[%clk 0:52:45]} 44. Kd1 {[%clk
0:29:08]} Rd8+ {[%clk 0:53:05]} 45. Ke1 {[%clk 0:29:16]} Rg2 {[%clk 0:52:37]}
46. g4 {[%clk 0:28:56]} Rg1+ {[%clk 0:52:57]} 0-1

[Event "Deutsche Ländermeisterschaft 2020"]
[Site "Berlin GER"]
[Date "2020.10.04"]
[Round "7"]
[White "Deuer, Marius"]
[Black "Payyappat, Sreyas"]
[Result "1-0"]
[Termination "unterminated"]
[Board "2.4"]
[WhiteElo "2161"]
[BlackElo "2144"]
[WhiteClock "00:00:33"]
[BlackClock "00:30:30"]
[WhiteTeam "Württemberg"]
[BlackTeam "Niedersachsen"]
[PlyCount "67"]
[WhiteFideId "16236432"]
[BlackFideId "46674969"]
[EventCountry "GER"]
[EventRounds "7"]
[EventType "team-swiss"]
[EventDate "2020.09.29"]

1. d4 Nf6 {[%clk 1:30:57]} 2. c4 {[%clk 1:31:20]} e6 {[%clk 1:30:57]} 3. Nf3
{[%clk 1:32:09]} d5 {[%clk 1:31:00]} 4. g3 {[%clk 1:32:08]} c5 5. cxd5 {[%clk
1:32:31]} exd5 {[%clk 1:30:11]} 6. Bg2 {[%clk 1:28:33]} b6 {[%clk 1:22:54]} 7.
Nc3 {[%clk 1:14:19]} Bb7 {[%clk 0:58:28]} 8. Ne5 {[%clk 1:05:07]} Bd6 {[%clk
0:47:08]} 9. Bg5 {[%clk 0:50:23]} cxd4 {[%clk 0:38:17]} 10. Qxd4 {[%clk
0:25:43]} O-O {[%clk 0:29:41]} 11. O-O {[%clk 0:26:02]} Bxe5 {[%clk 0:29:43]}
12. Qxe5 {[%clk 0:22:32]} Nbd7 {[%clk 0:28:03]} 13. Qd4 {[%clk 0:22:15]} h6
{[%clk 0:26:23]} 14. Bf4 {[%clk 0:21:17]} Nc5 {[%clk 0:20:43]} 15. Be5 {[%clk
0:20:14]} Ncd7 {[%clk 0:20:38]} 16. Bd6 {[%clk 0:19:33]} Re8 {[%clk 0:17:49]}
17. e3 {[%clk 0:19:18]} Re6 {[%clk 0:17:52]} 18. Ba3 {[%clk 0:19:03]} Ne5
{[%clk 0:16:57]} 19. Rfd1 {[%clk 0:17:37]} Qe8 {[%clk 0:15:43]} 20. b3 {[%clk
0:16:28]} Rd8 {[%clk 0:15:31]} 21. Ne2 {[%clk 0:15:26]} Nc6 {[%clk 0:05:56]}
22. Qb2 {[%clk 0:14:28]} g5 {[%clk 0:03:42]} 23. Nd4 {[%clk 0:10:54]} Ne4
{[%clk 0:04:10]} 24. Nxe6 {[%clk 0:05:09]} Qxe6 {[%clk 0:04:04]} 25. Qc2 {[%clk
0:02:13]} Rc8 {[%clk 0:03:23]} 26. Rac1 {[%clk 0:01:43]} Ne5 {[%clk 0:03:18]}
27. Qb2 {[%clk 0:01:59]} Rxc1 {[%clk 0:03:04]} 28. Qxc1 {[%clk 0:02:09]} Ng4
{[%clk 0:01:29]} 29. f3 Nef2 30. fxg4 {[%clk 0:01:34]} Nxd1 {[%clk 0:01:54]}
31. Qxd1 {[%clk 0:02:32]} Qxe3+ {[%clk 0:01:48]} 32. Kh1 {[%clk 0:00:57]} Qf2
{[%clk 0:01:15]} 33. h3 {[%clk 0:00:33]} Qxg3 {[%clk 0:30:30]} 34. Qd2 1-0

[Event "Deutsche Ländermeisterschaft 2020"]
[Site "Berlin GER"]
[Date "2020.10.04"]
[Round "7"]
[White "Bakó, Evelin"]
[Black "Wilmink, Anna"]
[Result "1-0"]
[Termination "unterminated"]
[Board "2.8"]
[WhiteElo "1192"]
[BlackElo "1608"]
[WhiteClock "00:28:14"]
[BlackClock "00:13:45"]
[WhiteTeam "Württemberg"]
[BlackTeam "Niedersachsen"]
[PlyCount "142"]
[WhiteFideId "16271823"]
[BlackFideId "16273680"]
[EventCountry "GER"]
[EventRounds "7"]
[EventType "team-swiss"]
[EventDate "2020.09.29"]

1. e4 {[%clk 1:30:57]} c5 {[%clk 1:30:55]} 2. Nf3 {[%clk 1:31:16]} Nc6 {[%clk
1:31:15]} 3. d4 {[%clk 1:31:28]} cxd4 {[%clk 1:31:36]} 4. Nxd4 g6 {[%clk
1:31:52]} 5. c4 {[%clk 1:31:33]} Bg7 {[%clk 1:31:38]} 6. Be3 {[%clk 1:31:29]}
Nf6 {[%clk 1:31:32]} 7. Nc3 {[%clk 1:31:21]} O-O {[%clk 1:31:46]} 8. Be2 {[%clk
1:31:29]} d6 {[%clk 1:31:30]} 9. f3 {[%clk 1:28:28]} Nd7 {[%clk 1:30:58]} 10.
Qd2 {[%clk 1:26:22]} Nc5 {[%clk 1:24:30]} 11. O-O-O {[%clk 1:25:06]} Bd7 12.
Kb1 {[%clk 1:24:07]} a6 {[%clk 1:21:22]} 13. h4 {[%clk 1:24:14]} Nxd4 {[%clk
1:13:19]} 14. Bxd4 {[%clk 1:23:08]} Ne6 {[%clk 1:11:55]} 15. Bxg7 {[%clk
1:21:11]} Kxg7 {[%clk 1:09:12]} 16. e5 {[%clk 1:18:54]} Bc6 {[%clk 1:08:17]}
17. exd6 {[%clk 1:18:00]} exd6 {[%clk 1:07:00]} 18. Qxd6 {[%clk 0:59:57]} Qa5
19. h5 {[%clk 0:56:20]} gxh5 {[%clk 1:00:13]} 20. Qg3+ {[%clk 0:53:56]} Kh8
{[%clk 0:49:55]} 21. Qh4 {[%clk 0:46:39]} Rae8 {[%clk 0:41:58]} 22. f4 {[%clk
0:44:56]} Ng7 {[%clk 0:34:52]} 23. Rh2 {[%clk 0:34:14]} Re6 24. g4 {[%clk
0:33:19]} Be8 {[%clk 0:28:00]} 25. f5 {[%clk 0:29:33]} Re3 {[%clk 0:24:55]} 26.
Nd5 {[%clk 0:28:45]} Re4 27. f6 {[%clk 0:27:55]} Rg8 {[%clk 0:20:12]} 28. fxg7+
{[%clk 0:27:55]} Rxg7 29. Nf6 {[%clk 0:24:10]} Re6 {[%clk 0:19:19]} 30. Nxe8
{[%clk 0:24:10]} Rxe8 {[%clk 0:17:54]} 31. Rd5 {[%clk 0:19:44]} Qb6 {[%clk
0:16:52]} 32. c5 {[%clk 0:18:28]} Qc6 {[%clk 0:14:41]} 33. Rxh5 {[%clk
0:14:39]} Qe4+ {[%clk 0:13:44]} 34. Ka1 {[%clk 0:11:46]} Qc2 {[%clk 0:10:06]}
35. Qe1 {[%clk 0:09:55]} f6 {[%clk 0:07:15]} 36. Qd1 {[%clk 0:08:50]} Qg6
{[%clk 0:04:52]} 37. Bd3 {[%clk 0:08:50]} Rd8 {[%clk 0:05:05]} 38. Bxg6 {[%clk
0:08:50]} Rxd1+ {[%clk 0:05:05]} 39. Bb1 {[%clk 0:09:08]} Rdd7 40. a3 {[%clk
0:08:12]} Kg8 {[%clk 0:01:24]} 41. b4 {[%clk 0:08:12]} Rxg4 {[%clk 0:28:33]}
42. Bxh7+ {[%clk 0:37:17]} Kf8 {[%clk 0:28:14]} 43. Bf5 {[%clk 0:37:10]} Rg1+
{[%clk 0:28:14]} 44. Kb2 {[%clk 0:37:10]} Rdg7 {[%clk 0:26:46]} 45. Rh8+ {[%clk
0:36:27]} Rg8 {[%clk 0:25:47]} 46. Rxg8+ {[%clk 0:36:45]} Kxg8 {[%clk 0:23:51]}
47. Be6+ {[%clk 0:35:11]} Kf8 {[%clk 0:23:16]} 48. Bd5 {[%clk 0:33:56]} Rg7
{[%clk 0:21:52]} 49. Rh8+ {[%clk 0:33:59]} Ke7 {[%clk 0:21:58]} 50. Bxb7 {[%clk
0:33:26]} Ke6 {[%clk 0:21:02]} 51. Bxa6 {[%clk 0:33:26]} Kd7 {[%clk 0:21:02]}
52. Bb5+ {[%clk 0:33:30]} Kc7 {[%clk 0:21:14]} 53. Rf8 {[%clk 0:33:04]} Rg2+
{[%clk 0:20:42]} 54. Kb3 {[%clk 0:33:23]} Rf2 {[%clk 0:20:54]} 55. Rf7+ {[%clk
0:33:55]} Kd8 {[%clk 0:20:42]} 56. c6 {[%clk 0:33:45]} Rf3+ {[%clk 0:20:16]}
57. Kc4 {[%clk 0:33:45]} Rxa3 {[%clk 0:16:49]} 58. c7+ {[%clk 0:31:11]} Kc8
{[%clk 0:15:43]} 59. Kc5 {[%clk 0:28:46]} Ra7 {[%clk 0:15:28]} 60. Bd7+ {[%clk
0:27:46]} Kxc7 {[%clk 0:15:12]} 61. Bc8+ {[%clk 0:27:27]} Kb8 {[%clk 0:15:34]}
62. Rxa7 {[%clk 0:27:32]} Kxa7 {[%clk 0:15:34]} 63. Bd7 {[%clk 0:27:32]} f5
{[%clk 0:12:21]} 64. Bxf5 {[%clk 0:27:42]} Kb8 65. Be4 {[%clk 0:27:59]} Ka7
{[%clk 0:12:20]} 66. b5 {[%clk 0:27:59]} Kb8 {[%clk 0:12:43]} 67. Bd5 {[%clk
0:28:14]} Ka7 {[%clk 0:12:43]} 68. Bc6 {[%clk 0:28:14]} Kb8 {[%clk 0:12:43]}
69. Kb6 {[%clk 0:28:14]} Kc8 {[%clk 0:12:43]} 70. Ka7 {[%clk 0:28:14]} Kc7
{[%clk 0:12:43]} 71. b6+ {[%clk 0:28:14]} Kxc6 {[%clk 0:13:45]} 1-0

[Event "Deutsche Ländermeisterschaft 2020"]
[Site "Berlin GER"]
[Date "2020.10.04"]
[Round "7"]
[White "Färber, David"]
[Black "Muckle, Julius"]
[Result "0-1"]
[Termination "unterminated"]
[Board "3.1"]
[BlackTitle "FM"]
[WhiteElo "2321"]
[BlackElo "2427"]
[WhiteClock "00:01:00"]
[BlackClock "00:01:13"]
[WhiteTeam "Baden"]
[BlackTeam "Rheinland-Pfalz"]
[PlyCount "76"]
[WhiteFideId "12971294"]
[BlackFideId "12942430"]
[EventCountry "GER"]
[EventRounds "7"]
[EventType "team-swiss"]
[EventDate "2020.09.29"]

1. e4 {[%clk 1:30:57]} e6 {[%clk 1:30:58]} 2. d4 {[%clk 1:31:19]} d5 {[%clk
1:31:27]} 3. Nc3 {[%clk 1:31:34]} Nf6 {[%clk 1:31:54]} 4. Bg5 {[%clk 1:31:58]}
Be7 {[%clk 1:32:21]} 5. e5 {[%clk 1:32:14]} Nfd7 {[%clk 1:32:50]} 6. h4 {[%clk
1:32:36]} h6 {[%clk 1:33:17]} 7. Bxe7 {[%clk 1:33:01]} Qxe7 {[%clk 1:33:45]} 8.
f4 {[%clk 1:33:22]} O-O {[%clk 1:33:32]} 9. g4 {[%clk 1:33:46]} f6 {[%clk
1:07:56]} 10. exf6 {[%clk 1:33:51]} Qxf6 {[%clk 1:02:47]} 11. Nge2 {[%clk
1:33:54]} Qe7 {[%clk 0:42:09]} 12. Qd2 {[%clk 1:31:19]} c5 {[%clk 0:39:31]} 13.
dxc5 {[%clk 1:19:43]} Nxc5 {[%clk 0:35:41]} 14. O-O-O {[%clk 1:19:40]} Nc6
{[%clk 0:30:51]} 15. Bg2 {[%clk 1:02:13]} Bd7 {[%clk 0:28:55]} 16. g5 {[%clk
0:39:51]} h5 {[%clk 0:20:58]} 17. Ng3 {[%clk 0:35:31]} Rac8 {[%clk 0:17:20]}
18. Rhe1 {[%clk 0:26:04]} d4 {[%clk 0:16:37]} 19. Nce4 {[%clk 0:21:14]} Nb4
{[%clk 0:16:03]} 20. Kb1 {[%clk 0:19:26]} Ba4 {[%clk 0:11:08]} 21. b3 {[%clk
0:16:29]} d3 {[%clk 0:08:44]} 22. c3 {[%clk 0:13:44]} Nxb3 {[%clk 0:05:24]} 23.
axb3 {[%clk 0:14:02]} Bxb3 {[%clk 0:05:48]} 24. cxb4 {[%clk 0:12:34]} Bc2+
{[%clk 0:05:19]} 25. Kb2 {[%clk 0:02:40]} Bxd1 {[%clk 0:04:36]} 26. Nc5 {[%clk
0:03:05]} Bg4 {[%clk 0:03:43]} 27. f5 {[%clk 0:03:02]} b6 {[%clk 0:01:38]} 28.
Nxd3 {[%clk 0:02:37]} Qd6 {[%clk 0:01:52]} 29. Re3 {[%clk 0:01:42]} Qd4+ {[%clk
0:02:05]} 30. Kb3 {[%clk 0:02:00]} Bd1+ {[%clk 0:02:06]} 31. Qxd1 {[%clk
0:01:53]} Rc3+ {[%clk 0:02:19]} 32. Ka2 {[%clk 0:01:05]} Qxe3 {[%clk 0:02:44]}
33. Be4 {[%clk 0:01:30]} Qxg3 {[%clk 0:02:23]} 34. f6 {[%clk 0:00:34]} Qxh4
{[%clk 0:02:02]} 35. fxg7 {[%clk 0:00:36]} Rd8 {[%clk 0:01:39]} 36. Qf3 {[%clk
0:00:40]} Qxg5 {[%clk 0:01:38]} 37. Qh3 {[%clk 0:00:32]} Qd2+ {[%clk 0:01:13]}
38. Nb2 {[%clk 0:01:00]} Rxh3 0-1

[Event "Deutsche Ländermeisterschaft 2020"]
[Site "Berlin GER"]
[Date "2020.10.04"]
[Round "7"]
[White "Hinrichs, Paul"]
[Black "Schmider, Niklas"]
[Result "0-1"]
[Termination "unterminated"]
[Board "3.2"]
[BlackTitle "FM"]
[WhiteElo "2152"]
[BlackElo "2291"]
[WhiteClock "00:04:24"]
[BlackClock "00:06:46"]
[WhiteTeam "Rheinland-Pfalz"]
[BlackTeam "Baden"]
[PlyCount "64"]
[WhiteFideId "12942545"]
[BlackFideId "12993778"]
[EventCountry "GER"]
[EventRounds "7"]
[EventType "team-swiss"]
[EventDate "2020.09.29"]

1. d4 {[%clk 1:30:56]} Nf6 {[%clk 1:30:54]} 2. Nf3 {[%clk 1:31:18]} g6 {[%clk
1:29:33]} 3. g3 {[%clk 1:31:12]} d5 {[%clk 1:18:18]} 4. Bg2 {[%clk 1:31:29]}
Bg7 {[%clk 1:18:40]} 5. c4 {[%clk 1:31:26]} e6 {[%clk 1:17:00]} 6. b3 {[%clk
1:29:20]} O-O {[%clk 1:17:15]} 7. Nbd2 {[%clk 1:27:31]} Nc6 {[%clk 1:16:04]} 8.
Bb2 {[%clk 1:26:29]} b6 {[%clk 1:15:55]} 9. O-O {[%clk 1:25:30]} Bb7 {[%clk
1:15:04]} 10. Rc1 {[%clk 1:19:36]} a5 {[%clk 1:05:58]} 11. a3 {[%clk 1:12:05]}
Ne7 {[%clk 0:56:08]} 12. Qc2 {[%clk 1:05:43]} Rc8 {[%clk 0:50:18]} 13. c5
{[%clk 1:04:20]} Ba6 {[%clk 0:48:53]} 14. Rfe1 {[%clk 1:03:05]} Nd7 {[%clk
0:43:40]} 15. b4 {[%clk 0:59:15]} axb4 {[%clk 0:42:31]} 16. axb4 {[%clk
0:58:39]} Bb5 {[%clk 0:42:41]} 17. Nb1 {[%clk 0:48:29]} Ra8 {[%clk 0:32:54]}
18. Nc3 {[%clk 0:46:07]} Bc4 {[%clk 0:33:11]} 19. Nd2 {[%clk 0:43:50]} b5
{[%clk 0:32:38]} 20. e4 {[%clk 0:42:50]} Nc6 {[%clk 0:29:42]} 21. Nxc4 {[%clk
0:41:09]} Nxd4 {[%clk 0:27:59]} 22. Qd1 {[%clk 0:39:49]} dxc4 {[%clk 0:23:53]}
23. e5 {[%clk 0:15:00]} Nxe5 {[%clk 0:23:29]} 24. Nxb5 {[%clk 0:15:23]} Nd3
{[%clk 0:20:49]} 25. Bxd4 {[%clk 0:13:27]} Bxd4 {[%clk 0:20:28]} 26. Nxd4
{[%clk 0:13:04]} Qxd4 {[%clk 0:20:50]} 27. Rc2 {[%clk 0:12:25]} Ra4 {[%clk
0:10:03]} 28. b5 {[%clk 0:08:19]} Rd8 {[%clk 0:09:27]} 29. Rd2 {[%clk 0:06:32]}
Ra5 {[%clk 0:08:49]} 30. b6 {[%clk 0:05:24]} cxb6 {[%clk 0:08:31]} 31. c6
{[%clk 0:04:55]} Ra7 {[%clk 0:07:13]} 32. Re3 {[%clk 0:04:24]} Ra1 {[%clk
0:06:46]} 0-1